Political participation of women in West Bengal : (Record no. 90035)

MARC details
000 -LEADER
fixed length control field 00651nam a22002057a 4500
005 - DATE AND TIME OF LATEST TRANSACTION
control field 20141127113653.0
010 ## - LCCN (DPL NO)
LC control number ENG-111227
020 ## - INTERNATIONAL STANDARD BOOK NUMBER
International Standard Book Number 9788186383803
Terms of availability 300.00
020 ## - INTERNATIONAL STANDARD BOOK NUMBER
International Standard Book Number 8186383808
Terms of availability 300.00
035 ## - SYSTEM CONTROL NUMBER
System control number EN-94759
037 ## - SOURCE OF ACQUISITION
Source of stock number/acquisition DBAD/PUB
082 ## - DEWEY DECIMAL CLASSIFICATION NUMBER
Classification number 305.420954
100 ## - MAIN ENTRY--PERSONAL NAME
Personal name Ghosh, Jayasri
245 ## - TITLE STATEMENT
Title Political participation of women in West Bengal :
Statement of responsibility, etc by Jayasri Ghosh
Remainder of title a study /
260 ## - PUBLICATION, DISTRIBUTION, ETC. (IMPRINT)
Place of publication, distribution, etc Kolkata
Name of publisher, distributor, etc Progressive Publishers
Date of publication, distribution, etc 2014
270 ## - ADDRESS
Address 37 A, College Street
City Kolkata
Postal code 700073
300 ## - PHYSICAL DESCRIPTION
Extent 295p.
Dimensions 23cm(Hb)
500 ## - GENERAL NOTE
General note Includes bibliographical references and index
942 ## - ADDED ENTRY ELEMENTS (KOHA)
Source of classification or shelving scheme Dewey Decimal Classification
Item type English Books
Call number suffix GHO
Classification part 305.420954
Holdings
Withdrawn status Lost status Not for loan Collection code Home library Current library Date acquired Source of acquisition Cost, normal purchase price Full call number Barcode Copy number Cost, replacement price Koha item type
    Not For Loan Non-fiction D.B.Act.Division D.B.Act.Division 14/11/2014 DBAD/PUB 300.00 305.420954 GHO EN-94759 1 300.00 English Books

© Delhi Public Library
Hit Counter
free hit counter